Stabilizačná politika v Hospodárskej a menovej únii bakalárska práca

Guardado en:
Detalles Bibliográficos
Autor principal: Klučariková, Katarína
Autor Corporativo: Národohospodárska fakulta EU. Katedra financií
Otros Autores: Boór, Matej, 1988-
Formato: Libro
Lenguaje:eslovaco
Publicado: Bratislava 2016
Etiquetas: Agregar Etiqueta
Sin Etiquetas, Sea el primero en etiquetar este registro!

MARC

LEADER 00000nbm a2200000 4500
001 0219643
005 20161221095624.3
041 0 |a slo 
044 |a SK 
245 1 0 |a Stabilizačná politika v Hospodárskej a menovej únii  |b bakalárska práca  |c Katarína Klučariková ; školiteľ: Matej Boór 
264 1 |a Bratislava  |c 2016 
300 |a 33 s. 
100 1 |a Klučariková, Katarína 
700 1 |a Boór, Matej, 1988- 
710 2 |a Národohospodárska fakulta EU. Katedra financií